| 000 | 00958nam a22002657a 4500 | ||
|---|---|---|---|
| 005 | 20150112114644.0 | ||
| 008 | 150112t2009 xxuak frb 001 0 eng d | ||
| 020 | _a9780136070474 | ||
| 020 | _a0136070477 | ||
| 040 | _aEG-ScBUE | ||
| 082 | 0 | 0 |
_222 _a005.133 _bLUG |
| 100 | 1 |
_aLuger, George F. _937099 |
|
| 245 | 1 | 0 |
_aAI algorithms, data structures, and idioms in Prolog, Lisp, and Java / _cGeorge F. Luger, William A. Stubblefield. |
| 260 |
_aBoston, United States : _bPearson Education, _cc.2009. |
||
| 300 |
_axvi, 447 p. : _bforms, tables ; _c25 cm. |
||
| 500 | _aIndex : p. 443-447. | ||
| 504 | _aBibliography : p. 439-442. | ||
| 650 | 0 |
_aArtificial intelligence _xComputer programs _937100 |
|
| 650 | 0 |
_aProlog (Computer program language) _937101 |
|
| 650 | 0 |
_aLISP (Computer program language) _937102 |
|
| 653 |
_bCOMSCI _cJanuary2015 |
||
| 655 |
_vreading book _934232 |
||
| 700 | 1 |
_aStubblefield, William A. _937103 |
|
| 942 |
_2ddc _k005.133 LUG |
||
| 999 |
_c18852 _d18824 |
||